<?xml version="1.0" encoding="UTF-8"?>
<collection xmlns="http://www.loc.gov/MARC21/slim">
 <record>
  <leader>01855nam a22002657a 4500</leader>
  <controlfield tag="001">NCT_63183</controlfield>
  <controlfield tag="008">190417b        xxu||||| |||| 00| 0 vie d</controlfield>
  <datafield tag="999" ind1=" " ind2=" ">
   <subfield code="c">3057</subfield>
   <subfield code="d">3057</subfield>
  </datafield>
  <datafield tag="020" ind1=" " ind2=" ">
   <subfield code="a">9786048221881</subfield>
   <subfield code="c">126000</subfield>
  </datafield>
  <datafield tag="082" ind1="0" ind2="4">
   <subfield code="2">23rd ed.</subfield>
   <subfield code="a">363.7009597</subfield>
   <subfield code="b">Ch125</subfield>
  </datafield>
  <datafield tag="100" ind1="1" ind2=" ">
   <subfield code="a">Đinh Văn Châu</subfield>
   <subfield code="e">Chủ biên</subfield>
  </datafield>
  <datafield tag="245" ind1="1" ind2="0">
   <subfield code="a">Ô nhiễm môi trường Việt Nam</subfield>
   <subfield code="c">Đinh Văn Châu (chủ biên) ; Phạm Văn Quân</subfield>
  </datafield>
  <datafield tag="260" ind1=" " ind2=" ">
   <subfield code="a">H.</subfield>
   <subfield code="b">Xây dựng</subfield>
   <subfield code="c">2017</subfield>
  </datafield>
  <datafield tag="300" ind1=" " ind2=" ">
   <subfield code="a">245 tr.</subfield>
   <subfield code="b">Minh họa</subfield>
   <subfield code="c">27cm</subfield>
  </datafield>
  <datafield tag="520" ind1="3" ind2=" ">
   <subfield code="a">Cung cấp cái nhìn tổng quan về hiện tràng môi trường quốc gia trong giai đoạn hiện nay, đánh giá tình hình phát triển và những nguồn tác động điển hình lên môi trường.</subfield>
  </datafield>
  <datafield tag="653" ind1=" " ind2=" ">
   <subfield code="a">Kỹ thuật môi trường</subfield>
  </datafield>
  <datafield tag="653" ind1=" " ind2=" ">
   <subfield code="a">Quản lý tài nguyên &amp; Môi trường</subfield>
  </datafield>
  <datafield tag="700" ind1="1" ind2=" ">
   <subfield code="a">Phạm Văn Quân</subfield>
  </datafield>
  <datafield tag="942" ind1=" " ind2=" ">
   <subfield code="2">ddc</subfield>
   <subfield code="c">BK</subfield>
  </datafield>
  <datafield tag="952" ind1=" " ind2=" ">
   <subfield code="0">0</subfield>
   <subfield code="1">0</subfield>
   <subfield code="2">ddc</subfield>
   <subfield code="4">0</subfield>
   <subfield code="6">363_700959700000000_CH125</subfield>
   <subfield code="7">0</subfield>
   <subfield code="9">16573</subfield>
   <subfield code="a">000001</subfield>
   <subfield code="b">000001</subfield>
   <subfield code="d">2019-04-17</subfield>
   <subfield code="o">363.7009597 Ch125</subfield>
   <subfield code="p">MD.15416</subfield>
   <subfield code="r">2019-04-17</subfield>
   <subfield code="v">126000.00</subfield>
   <subfield code="w">2019-04-17</subfield>
   <subfield code="y">BK</subfield>
  </datafield>
  <datafield tag="952" ind1=" " ind2=" ">
   <subfield code="0">0</subfield>
   <subfield code="1">0</subfield>
   <subfield code="2">ddc</subfield>
   <subfield code="4">0</subfield>
   <subfield code="6">363_700959700000000_CH125</subfield>
   <subfield code="7">0</subfield>
   <subfield code="9">16574</subfield>
   <subfield code="a">000001</subfield>
   <subfield code="b">000001</subfield>
   <subfield code="d">2019-04-17</subfield>
   <subfield code="l">2</subfield>
   <subfield code="o">363.7009597 Ch125</subfield>
   <subfield code="p">MD.15417</subfield>
   <subfield code="r">2019-08-26</subfield>
   <subfield code="s">2019-08-26</subfield>
   <subfield code="v">126000.00</subfield>
   <subfield code="w">2019-04-17</subfield>
   <subfield code="y">BK</subfield>
  </datafield>
  <datafield tag="952" ind1=" " ind2=" ">
   <subfield code="0">0</subfield>
   <subfield code="1">0</subfield>
   <subfield code="2">ddc</subfield>
   <subfield code="4">0</subfield>
   <subfield code="6">363_700959700000000_CH125</subfield>
   <subfield code="7">0</subfield>
   <subfield code="9">16575</subfield>
   <subfield code="a">000001</subfield>
   <subfield code="b">000001</subfield>
   <subfield code="d">2019-04-17</subfield>
   <subfield code="l">1</subfield>
   <subfield code="o">363.7009597 Ch125</subfield>
   <subfield code="p">MD.15418</subfield>
   <subfield code="r">2019-09-13</subfield>
   <subfield code="s">2019-08-23</subfield>
   <subfield code="v">126000.00</subfield>
   <subfield code="w">2019-04-17</subfield>
   <subfield code="y">BK</subfield>
  </datafield>
  <datafield tag="952" ind1=" " ind2=" ">
   <subfield code="0">0</subfield>
   <subfield code="1">0</subfield>
   <subfield code="2">ddc</subfield>
   <subfield code="4">0</subfield>
   <subfield code="6">363_700959700000000_CH125</subfield>
   <subfield code="7">0</subfield>
   <subfield code="9">16576</subfield>
   <subfield code="a">000001</subfield>
   <subfield code="b">000001</subfield>
   <subfield code="d">2019-04-17</subfield>
   <subfield code="l">1</subfield>
   <subfield code="o">363.7009597 Ch125</subfield>
   <subfield code="p">MD.15419</subfield>
   <subfield code="r">2020-08-07</subfield>
   <subfield code="s">2020-07-27</subfield>
   <subfield code="v">126000.00</subfield>
   <subfield code="w">2019-04-17</subfield>
   <subfield code="y">BK</subfield>
  </datafield>
  <datafield tag="952" ind1=" " ind2=" ">
   <subfield code="0">0</subfield>
   <subfield code="1">0</subfield>
   <subfield code="2">ddc</subfield>
   <subfield code="4">0</subfield>
   <subfield code="6">363_700959700000000_CH125</subfield>
   <subfield code="7">0</subfield>
   <subfield code="9">16577</subfield>
   <subfield code="a">000001</subfield>
   <subfield code="b">000001</subfield>
   <subfield code="d">2019-04-17</subfield>
   <subfield code="l">2</subfield>
   <subfield code="o">363.7009597 Ch125</subfield>
   <subfield code="p">MD.15420</subfield>
   <subfield code="r">2019-11-28</subfield>
   <subfield code="s">2019-11-19</subfield>
   <subfield code="v">126000.00</subfield>
   <subfield code="w">2019-04-17</subfield>
   <subfield code="y">BK</subfield>
  </datafield>
  <datafield tag="980" ind1=" " ind2=" ">
   <subfield code="a">Thư viện Trường Đại học Nam Cần Thơ</subfield>
  </datafield>
 </record>
</collection>
